000 00739nam a2200253Ia 4500
003 OSt
005 20220918175043.0
006 a|||||r|||| 00| 0
007 ta
008 220917b |||||||| |||| 00| 0 eng d
024 _a15,424
037 _cTextual
040 _aARTS
_cARTS
_beng
041 _2eng
_aeng
082 _aO111:g(NA5,J), N6
100 _aDe Grazia Margrete ed
_952701
245 0 _aSubject and ojbect in renaissance culture
260 _aNew York
_bCUP
_c1996
300 _axviii,398p.
_ccm.
490 _aCambridge studies in renaissance literature and culture
650 _aENGLISH LITERATURE
942 _hO111:g(NA5,J), N6
_cTEXL
_2CC
999 _c155828
_d155828